| 000 | 00811cam a2200241 a 4500 | ||
|---|---|---|---|
| 001 | 4450441 | ||
| 005 | 20180310030954.0 | ||
| 008 | 950222s1995 miua b 001 0 eng | ||
| 010 | _a 95007303 | ||
| 020 | _a078760481X | ||
| 040 |
_aDLC _cDLC _dDLC |
||
| 041 | _aeng | ||
| 043 | _an-us--- | ||
| 080 | _a305.244 | ||
| 082 | 0 | 0 |
_a305.244 MAN _220 |
| 100 | _a20 | ||
| 101 | _aSHP | ||
| 245 | 0 | 4 |
_aThe second middle age : _cRonald J. Manheimer, editor ; foreword by Betty Friedan. |
| 504 | _aIncludes bibliographical references (p. 463-470) and index. | ||
| 906 |
_a7 _bcbc _corignew _d1 _eocip _f19 _gy-gencatlg |
||
| 942 |
_2ddc _cBK |
||
| 999 |
_c44650 _d44650 |
||